El maestro del Prado y las pinturas proféticas / (Record no. 188675)

MARC details
000 -LEADER
campo de control de longitud fija 00754nam a2200217 i 4500
001 - NÚMERO DE CONTROL
campo de control 188675
003 - IDENTIFICADOR DE NÚMERO DE CONTROL
campo de control SpMaBN
005 - FECHA Y HORA DE LA ÚLTIMA TRANSACCIÓN
campo de control 20231223110444.0
008 - DATOS DE LONGITUD FIJA--INFORMACIÓN GENERAL
campo de control de longitud fija 190121s2013 sp af |||| | spa d
020 ## - NÚMERO INTERNACIONAL ESTÁNDAR DEL LIBRO
Número Internacional Estándar del Libro 978-84-672-5466-2
080 ## - NÚMERO DE LA CLASIFICACIÓN DECIMAL UNIVERSAL
Número de la Clasificación Decimal Universal 821.134.2-31"19"
100 1# - ENTRADA PRINCIPAL--NOMBRE DE PERSONA
Nombre de persona Sierra, Javier (
Fechas asociadas al nombre 1971-)
9 (RLIN) 147835
245 13 - MENCIÓN DEL TÍTULO
Título El maestro del Prado y las pinturas proféticas /
Mención de responsabilidad, etc. Javier Sierra.
260 ## - PUBLICACIÓN, DISTRIBUCIÓN, ETC.
Lugar de publicación, distribución, etc. Barcelona :
Nombre del editor, distribuidor, etc. Círculo de Lectores,
Fecha de publicación, distribución, etc. [2013]
300 ## - DESCRIPCIÓN FÍSICA
Extensión 320 p., [2] h. pleg. de lám. col. :
Otras características físicas il. col. ;
Dimensiones 24 cm.
500 ## - NOTA GENERAL
Nota general Índice.
852 ## - LOCALIZACIÓN
Ubicación ES-MaACL
Número de control de estantería A-14313
itemnumber 195806
Sublocalización o colección R.151536
Ubicación en estantería Depósito 1
Signatura antigua Olim: N-7313
Donativo/Legado Donación: Javier Sierra
903 ## - NOMBRE PERSONAL DE DONANTE
9 147835
a Sierra, Javier (
d 1971-)
e Donante
942 ## - ELEMENTOS DE ENTRADA SECUNDARIOS (KOHA)
Fuente del sistema de clasificación o colocación Clasificación decimal universal
Tipo de ítem Koha Libro impreso
Holdings
Estatus retirado Estado de pérdida Fuente del sistema de clasificación o colocación Estado de daño No para préstamo Biblioteca de origen Biblioteca actual Ubicación en estantería Fecha de adquisición Fuente de adquisición Total de préstamos Signatura topográfica completa Código de barras Visto por última vez Precio de reemplazo Tipo de ítem Koha
    Clasificación decimal universal     Biblioteca del Ateneo de Madrid Biblioteca del Ateneo de Madrid Depósito 1 21/01/2019 Donación   A-14313 1199679 23/02/2023 23/02/2023 Libro impreso